000 00457nam a2200157 i 4500
001 92907
003 ES-MaACL
007 t|
008 050330s1983 ag ||||1| spa d
100 1 _aLitter, Manuel.
_972574
245 1 0 _aFarmacología experimental y clínica /
_cManuel Litter.
250 _a6ª ed.
260 _aBuenos Aires :
_bEl Ateneo,
_c1983.
300 _aXIII, 1953 p. :
_b2 lám. col., il. ;
_c27 cm.
852 _aES-MaACL
_jL-6213
_bR.107152
999 _c92907
_d92907